Lý thuyết và bài tập kế toán ngân hàng /

Guardado en:
Detalles Bibliográficos
Autor principal: Trương Thị Hồng
Formato: Sách giấy
Lenguaje:Vietnamese
Publicado: TP.HCM : Trường Đại học Kinh tế , 1999
Materias:
Etiquetas: Agregar Etiqueta
Sin Etiquetas, Sea el primero en etiquetar este registro!
Thư viện lưu trữ: Thư viện Trường Đại học Đà Lạt
LEADER 00653nam a2200265 4500
001 DLU020014382
005 ##6/27/2000
020 # # |a 978- 
041 # # |a vie 
082 # # |a 657  |b TR-H 
090 # # |a 657  |b TR-H 
100 # # |a Trương Thị Hồng 
245 # # |a Lý thuyết và bài tập kế toán ngân hàng /  |c Trương Thị Hồng 
260 # # |a TP.HCM :  |b Trường Đại học Kinh tế ,  |c 1999 
300 # # |a 226 tr.;   |c 24 cm. 
650 # # |a Kế toán. 
992 # # |a 26000 
994 # # |a DLU 
900 # # |a False 
911 # # |a Administrator 
925 # # |a G 
926 # # |a A 
927 # # |a SH 
980 # # |a Thư viện Trường Đại học Đà Lạt